[Event "Olympiad Women-44"]
[Site "Chennai"]
[Date "2022.08.01"]
[Round "4.4"]
[White "Sarquis, Maria Belen"]
[Black "Gjergji, Rozana"]
[Result "1-0"]
[WhiteElo "2072"]
[BlackElo "1920"]
[PlyCount "193"]
[EventDate "2022.07.29"]
[EventType "team-swiss"]
[EventRounds "11"]
[EventCountry "IND"]
[SourceTitle "CBM 210"]
[Source "ChessBase"]
[SourceDate "2022.10.31"]
[SourceVersion "1"]
[SourceVersionDate "2022.10.31"]
[SourceQuality "1"]
[WhiteTeam "Argentina (W)"]
[BlackTeam "Albania (W)"]
[WhiteTeamCountry "ARG"]
[BlackTeamCountry "ALB"]

1. e4 d5 2. exd5 Qxd5 3. Nc3 Qa5 4. d4 Nf6 5. Bc4 c6 6. Bd2 Qc7 7. Qe2 Bf5 8. 0-0-0 e6 9. f3 h5 10. h4 Nbd7 11. Nh3 Bd6 12. Ng5 Nb6 13. Bb3 0-0-0 14. Kb1 Nbd5 15. Nce4 Nxe4 16. Nxe4 Bf4 17. Be1 Kb8 18. Bf2 Nf6 19. Ng5 Ka8 20. g3 Bd6 21. Rhg1 Rd7 22. g4 Bg6 23. Ka1 Re8 24. Qc4 Bf4 25. c3 Nd5 26. Rde1 Bxg5 27. hxg5 Qf4 28. Qe2 Qxg5 29. Bg3 hxg4 30. fxg4 Qd8 31. a3 Qa5 32. Ka2 b5 33. Qd2 c5 34. Bxd5+ Rxd5 35. Qg2 Red8 36. dxc5 Qa4 37. Bd6 Bc2 38. Rgf1 Qb3+ 39. Ka1 Bd3 40. Rf4 Bc4 41. Rxc4 Qxc4 42. Qf3 Rd7 43. Qh1 Kb7 44. Qh8 R5xd6 45. cxd6 Qxg4 46. Qh1+ Kb6 47. Rg1 Qf4 48. Rxg7 Qxd6 49. Rg1 f5 50. Qh5 Kc6 51. Re1 Kc7 52. Qe8 f4 53. Rxe6 Qd1+ 54. Ka2 Qd5+ 55. Ka1 f3 56. Rf6 Qc4 57. Qe1 Qe2 58. Qg3+ Kb7 59. Qxf3+ Qxf3 60. Rxf3 a6 61. Kb1 Rd6 62. Kc2 Kc6 63. b3 Kc5 64. Rf5+ Kc6 65. Rg5 Rh6 66. Rg2 Rh1 67. Rd2 a5 68. Rg2 Ra1 69. Kb2 Rd1 70. Rg6+ Kc5 71. b4+ axb4 72. axb4+ Kc4 73. Rc6+ Kd5 74. Rc5+ Kd6 75. Rxb5 Kc6 76. Rh5 Rg1 77. c4 Rg3 78. Rh6+ Kc7 79. c5 Kb7 80. Rd6 Kc7 81. b5 Rg5 82. Rc6+ Kb7 83. Kb3 Rg3+ 84. Kb4 Rg4+ 85. Ka5 Rg1 86. Rh6 Ra1+ 87. Kb4 Rb1+ 88. Kc4 Rc1+ 89. Kd5 Rd1+ 90. Ke6 Re1+ 91. Kd7 Rc1 92. c6+ Kb6 93. c7+ Kb7 94. Rc6 Rd1+ 95. Rd6 Rc1 96. b6 Rc2 97. Kd8 1-0

[Event "Online Olym Div2 C"]
[Site "Chess.com INT"]
[Date "2021.09.03"]
[Round "5.5"]
[White "Gjergji, Rozana"]
[Black "Koljevic, Nikolina"]
[Result "0-1"]
[WhiteElo "1920"]
[BlackElo "1950"]
[PlyCount "108"]
[EventDate "2021.09.02"]
[EventType "team (rapid)"]
[EventRounds "9"]
[EventCountry "USA"]
[SourceTitle "CBM 204 Extra"]
[Source "ChessBase"]
[SourceDate "2021.11.30"]
[SourceVersion "1"]
[SourceVersionDate "2021.11.30"]
[SourceQuality "1"]
[WhiteTeam "Albania"]
[BlackTeam "Montenegro"]
[WhiteTeamCountry "ALB"]
[BlackTeamCountry "MNE"]

1. e4 c6 2. d4 d5 3. Nc3 dxe4 4. Nxe4 Nf6 5. Ng3 Qc7 6. Nf3 Bg4 7. Be2 e6 8. h3 Bxf3 9. Bxf3 Bd6 10. Ne4 Nxe4 11. Bxe4 Nd7 12. c4 Nf6 13. Bf3 0-0 14. 0-0 h6 15. Be3 e5 16. c5 Be7 17. dxe5 Qxe5 18. Qc2 Nd5 19. Bxd5 Qxd5 20. Rfd1 Qe6 21. Re1 Rfe8 22. a3 Bf6 23. Rad1 Qe5 24. b4 Rad8 25. Qc4 Qc3 26. Qg4 Kf8 27. a4 Bd4 28. Bd2 Bxf2+ 29. Kxf2 Rxd2+ 30. Kg1 Rxe1+ 31. Rxe1 Qd4+ 32. Qxd4 Rxd4 33. Rb1 a5 34. bxa5 Rxa4 35. Rxb7 Rxa5 36. Kf2 Rxc5 37. Rc7 Rc3 38. Ke2 Rc2+ 39. Kf3 g6 40. g4 Rc3+ 41. Kf4 Kg7 42. Ke4 Kf6 43. Kf4 c5 44. h4 c4 45. Rc6+ Kg7 46. Ke4 Rc1 47. Kd4 Rg1 48. g5 Rg4+ 49. Kc3 Rxh4 50. gxh6+ Kxh6 51. Rc8 Kg5 52. Rc5+ f5 53. Kd2 Re4 54. Ra5 Kf4 0-1

[Event "EU-Cup Online Gr-E (Women)"]
[Site "Tornelo INT"]
[Date "2020.12.20"]
[Round "7.3"]
[White "Gjergji, Rozana"]
[Black "Javakhishvili, Lela"]
[Result "0-1"]
[WhiteElo "1942"]
[BlackElo "2473"]
[PlyCount "84"]
[EventDate "2020.12.19"]
[EventType "team-tourn (rapid)"]
[EventRounds "9"]
[EventCountry "ISS"]
[SourceTitle "CBM 199 Extra"]
[Source "ChessBase"]
[SourceDate "2021.01.31"]
[SourceVersion "1"]
[SourceVersionDate "2021.01.31"]
[SourceQuality "1"]
[WhiteTeam "Klubi i Kampioneve (W)"]
[BlackTeam "Schwaebisch Hall (W)"]
[WhiteTeamCountry "ALB"]
[BlackTeamCountry "GER"]

1. e4 c5 2. f4 d5 3. exd5 Nf6 4. Nf3 Nxd5 5. d3 Nc6 6. Be2 g6 7. Nc3 Nxc3 8. bxc3 Bg7 9. Bd2 0-0 10. 0-0 b6 11. Qe1 Bb7 12. Qh4 e6 13. Qh3 h6 14. Kh1 f5 15. Nh4 Qf6 16. Qg3 Kh7 17. Nf3 Rae8 18. Qh4 Qxh4 19. Nxh4 e5 20. fxe5 Nxe5 21. Rae1 Bf6 22. Nf3 Nc6 23. Kg1 g5 24. Kf2 f4 25. h3 h5 26. g4 fxg3+ 27. Kxg3 Kg6 28. d4 cxd4 29. Bd3+ Kg7 30. Nxg5 dxc3 31. Bf4 Ne5 32. Nh7 Nxd3 33. Rxe8 Rxe8 34. Nxf6 Kxf6 35. cxd3 Kg6 36. Rc1 Rc8 37. Rc2 Kf5 38. Bh6 b5 39. a3 a5 40. Rf2+ Kg6 41. Bc1 Rd8 42. Kh4 Rxd3 0-1

[Event "Online Olym Div2 C"]
[Site "Chess.com INT"]
[Date "2020.08.14"]
[Round "3.4"]
[White "Ferreira, Ana Margarida"]
[Black "Gjergji, Rozana"]
[Result "0-1"]
[WhiteElo "1780"]
[BlackElo "1942"]
[PlyCount "68"]
[EventDate "2020.08.14"]
[EventType "team-tourn (rapid)"]
[EventRounds "9"]
[EventCountry "USA"]
[SourceTitle "CBM 198"]
[Source "ChessBase"]
[SourceDate "2020.10.31"]
[SourceVersion "1"]
[SourceVersionDate "2020.10.31"]
[SourceQuality "1"]
[WhiteTeam "Portugal"]
[BlackTeam "Albania"]
[WhiteTeamCountry "POR"]
[BlackTeamCountry "ALB"]

1. e4 e5 2. Nf3 Nc6 3. Bb5 d6 4. 0-0 Nf6 5. Re1 Be7 6. c3 Bg4 7. d4 0-0 8. d5 Nb8 9. h3 Bh5 10. c4 Nbd7 11. Nc3 Nc5 12. b4 Ncd7 13. Bxd7 Nxd7 14. Bb2 Nb6 15. Qd3 Bxf3 16. gxf3 Qd7 17. Kh2 f5 18. Rg1 fxe4 19. Nxe4 Rf4 20. Bc1 Rh4 21. f4 Nxc4 22. Qg3 g6 23. fxe5 Nxe5 24. Ng5 Rf8 25. f4 Bxg5 26. fxg5 Nf3+ 27. Kg2 Rxb4 28. Ba3 Ra4 29. Bb2 Nh4+ 30. Kh1 Rf3 31. Qxf3 Nxf3 32. Rg3 Ne5 33. Rf1 Qb5 34. Kg2 Qxb2+ 0-1

[Event "Online Olym Div3 A"]
[Site "Chess.com INT"]
[Date "2020.08.09"]
[Round "9.2"]
[White "Ng, Sau Wai"]
[Black "Gjergji, Rozana"]
[Result "0-1"]
[WhiteElo "1146"]
[BlackElo "1942"]
[PlyCount "80"]
[EventDate "2020.08.07"]
[EventType "team-tourn (rapid)"]
[EventRounds "9"]
[EventCountry "USA"]
[SourceTitle "CBM 198"]
[Source "ChessBase"]
[SourceDate "2020.10.31"]
[SourceVersion "1"]
[SourceVersionDate "2020.10.31"]
[SourceQuality "1"]
[WhiteTeam "Hong Kong"]
[BlackTeam "Albania"]
[WhiteTeamCountry "HKG"]
[BlackTeamCountry "ALB"]

1. Nf3 d5 2. g3 Nf6 3. Bg2 c6 4. 0-0 Bf5 5. c4 Nbd7 6. cxd5 cxd5 7. Nc3 e5 8. Nh4 Be6 9. d3 Bc5 10. Bg5 h6 11. Bxf6 Nxf6 12. Qa4+ Qd7 13. Qxd7+ Kxd7 14. Nf3 Bd6 15. Rac1 a6 16. Rc2 Rac8 17. Rfc1 Rc7 18. e3 Rhc8 19. a3 b5 20. Ne1 b4 21. axb4 Bxb4 22. f4 Bc5 23. Re2 Ng4 24. Ra1 Bxe3+ 25. Rxe3 Nxe3 26. Rxa6 Nxg2 27. Kxg2 Rb7 28. fxe5 Rxb2+ 29. Kf3 Rxc3 30. Ke3 Rc6 31. Ra7+ Rc7 32. Ra6 Rxh2 33. Nf3 Rg2 34. Kf4 g5+ 35. Nxg5 hxg5+ 36. Kxg5 Rxg3+ 37. Kf4 Rxd3 38. Rd6+ Ke7 39. Kg5 Rc1 40. Kh6 Rg3 0-1

[Event "Online Olym Div3 A"]
[Site "Chess.com INT"]
[Date "2020.08.08"]
[Round "6.3"]
[White "Gong, Qianyun"]
[Black "Gjergji, Rozana"]
[Result "1-0"]
[WhiteElo "2333"]
[BlackElo "1942"]
[PlyCount "57"]
[EventDate "2020.08.07"]
[EventType "team-tourn (rapid)"]
[EventRounds "9"]
[EventCountry "USA"]
[SourceTitle "CBM 198"]
[Source "ChessBase"]
[SourceDate "2020.10.31"]
[SourceVersion "1"]
[SourceVersionDate "2020.10.31"]
[SourceQuality "1"]
[WhiteTeam "Singapore"]
[BlackTeam "Albania"]
[WhiteTeamCountry "SIN"]
[BlackTeamCountry "ALB"]

1. e4 e5 2. Nf3 Nc6 3. d4 exd4 4. Nxd4 Bc5 5. Nb3 Bb6 6. Nc3 a5 7. a4 d6 8. Qe2 Nf6 9. Be3 Bxe3 10. Qxe3 Be6 11. 0-0-0 Ne5 12. f4 Nc4 13. Qd4 Nb6 14. e5 dxe5 15. Bb5+ c6 16. Qxe5 Qe7 17. Bd3 Bxb3 18. cxb3 Qxe5 19. fxe5 Ng4 20. Ne4 0-0 21. e6 fxe6 22. Rde1 Nd5 23. Ng5 h6 24. Nxe6 Nf2 25. Bc4 Nxh1 26. Nxf8 Rxf8 27. Rxh1 Rf2 28. Rd1 Rxg2 29. Rxd5 1-0

[Event "Olympiad Women-43"]
[Site "Batumi"]
[Date "2018.10.04"]
[Round "10.3"]
[White "Gjergji, Rozana"]
[Black "Steil Antoni, Fiona"]
[Result "1/2-1/2"]
[WhiteElo "1924"]
[BlackElo "2143"]
[PlyCount "147"]
[EventDate "2018.09.24"]
[EventType "team-swiss"]
[EventRounds "11"]
[EventCountry "GEO"]
[SourceTitle "EXT 2020"]
[Source "ChessBase"]
[SourceDate "2019.10.17"]
[SourceVersion "1"]
[SourceVersionDate "2019.10.17"]
[SourceQuality "1"]
[WhiteTeam "Albania (W)"]
[BlackTeam "Luxembourg (W)"]
[WhiteTeamCountry "ALB"]
[BlackTeamCountry "LUX"]

1. e4 e5 2. Nf3 Nc6 3. Bb5 Nd4 4. Nxd4 exd4 5. 0-0 Bc5 6. d3 c6 7. Ba4 d6 8. c3 Qf6 9. Kh1 h5 10. Bd2 Nh6 11. f3 Bd7 12. cxd4 Bxd4 13. Bc3 g5 14. Qe1 0-0-0 15. Na3 h4 16. Nc2 Bxc3 17. bxc3 g4 18. f4 g3 19. h3 Rdg8 20. f5 Qe7 21. Rb1 f6 22. Nb4 Qe5 23. Qe3 Qa5 24. Bd1 Nf7 25. Bb3 Rg7 26. Qd4 Ng5 27. Qxf6 Qe5 28. Qxe5 dxe5 29. Kg1 Be8 30. f6 Rgh7 31. Rf5 Nf7 32. Bxf7 Rxf7 33. Rbf1 Bd7 34. R5f3 Be6 35. Nc2 Rd8 36. a3 c5 37. Ne3 Rxd3 38. Ng4 Rxf3 39. Rxf3 Bxg4 40. hxg4 Kd7 41. g5 Ke6 42. Kf1 b5 43. Ke2 a5 44. Kd3 Rf8 45. Rf1 Kf7 46. Ke3 Kg6 47. Rf5 Re8 48. Kf3 b4 49. cxb4 axb4 50. axb4 cxb4 51. Kg4 b3 52. Kxh4 b2 53. Rf1 Rb8 54. Rb1 Rb4 55. Kxg3 Rxe4 56. Rxb2 Kxg5 57. f7 Rg4+ 58. Kh3 Rh4+ 59. Kg3 Rg4+ 60. Kh2 Rf4 61. Rb7 e4 62. Re7 Kg6 63. Rxe4 Rxf7 64. Re5 Ra7 65. g4 Ra1 66. Rb5 Rc1 67. Kg2 Ra1 68. Rf5 Rb1 69. Kg3 Rg1+ 70. Kf4 Rf1+ 71. Ke4 Re1+ 72. Kf4 Rf1+ 73. Ke4 Re1+ 74. Kf4 1/2-1/2

[Event "Olympiad Women-43"]
[Site "Batumi"]
[Date "2018.09.28"]
[Round "5.42"]
[White "Carrillo Marval, Maria Angelica"]
[Black "Gjergji, Rozana"]
[Result "0-1"]
[WhiteElo "1712"]
[BlackElo "1924"]
[PlyCount "154"]
[EventDate "2018.09.24"]
[EventType "team-swiss"]
[EventRounds "11"]
[EventCountry "GEO"]
[SourceTitle "EXT 2020"]
[Source "ChessBase"]
[SourceDate "2019.10.17"]
[SourceVersion "1"]
[SourceVersionDate "2019.10.17"]
[SourceQuality "1"]
[WhiteTeam "Panama (W)"]
[BlackTeam "Albania (W)"]
[WhiteTeamCountry "PAN"]
[BlackTeamCountry "ALB"]

1. e4 e5 2. Nf3 Nc6 3. Bc4 Be7 4. d3 Nf6 5. 0-0 d6 6. Re1 Bg4 7. c3 0-0 8. a4 Kh8 9. Nbd2 Nd7 10. h3 Bh5 11. g4 Bg6 12. Nf1 Qe8 13. a5 a6 14. Ng3 f6 15. Nh4 Bf7 16. Bd5 g6 17. Bh6 Rg8 18. Ng2 g5 19. Bxc6 bxc6 20. Nf5 Be6 21. Nge3 d5 22. Bg7+ Rxg7 23. Nxg7 Kxg7 24. Nf5+ Kg6 25. Qf3 Qf7 26. h4 gxh4 27. Nxh4+ Kg7 28. Nf5+ Kh8 29. Kg2 Bxf5 30. Qxf5 Nf8 31. Rh1 Ng6 32. Rad1 Kg7 33. Rh2 Qe6 34. Qxe6 Nf4+ 35. Kf3 Nxe6 36. Rdh1 Ng5+ 37. Ke3 Rb8 38. f3 Bc5+ 39. d4 exd4+ 40. cxd4 Rb3+ 41. Ke2 Rxb2+ 42. Kd3 Rxh2 43. Rxh2 Nxf3 44. Rh5 Bxd4 45. Rf5 dxe4+ 46. Kxe4 Nh4 47. Rh5 Bf2 48. Kd3 Kg6 49. Ke2 Bg3 50. Rc5 Kf7 51. Rxc6 Ke7 52. Rxa6 Bd6 53. Ra8 Kd7 54. Rh8 Kc6 55. Rxh7 Ng6 56. Rh6 Ne5 57. Rxf6 Nxg4 58. Rf1 Kb5 59. Ra1 Ka6 60. Kd3 Ne5+ 61. Ke4 Nc4 62. Rc1 Nxa5 63. Kd5 Kb7 64. Rb1+ Kc8 65. Rc1 Kd7 66. Rc2 c6+ 67. Ke4 Nb3 68. Rxc6 Kxc6 69. Ke3 Kd5 70. Kd3 Bf4 71. Kc3 Nc5 72. Kb4 Bc7 73. Kb5 Nd3 74. Ka4 Kc4 75. Ka3 Be5 76. Ka4 Nc5+ 77. Ka5 Bc7# 0-1

[Event "Francophone-ch 6th"]
[Site "Tirana"]
[Date "2018.08.26"]
[Round "1"]
[White "Mastrovasilis, Dimitrios"]
[Black "Gjergji, Rozana"]
[Result "1-0"]
[WhiteElo "2586"]
[BlackElo "1924"]
[PlyCount "51"]
[EventDate "2018.08.26"]
[EventType "swiss"]
[EventRounds "9"]
[EventCountry "ALB"]
[SourceTitle "CBM 186 Extra"]
[Source "ChessBase"]
[SourceDate "2018.08.24"]
[SourceVersion "1"]
[SourceVersionDate "2018.08.24"]
[SourceQuality "1"]

1. e4 e5 2. Nf3 Nc6 3. d4 exd4 4. Nxd4 Bc5 5. Nb3 Bb6 6. Qe2 d6 7. Be3 Nf6 8. Nc3 h6 9. g3 Be6 10. Bg2 Qe7 11. 0-0-0 Bxe3+ 12. Qxe3 a5 13. Nd4 Ng4 14. Qe2 Nxd4 15. Rxd4 Qf6 16. Rd2 Ne5 17. f4 Nc4 18. e5 dxe5 19. Nd5 Bxd5 20. Rxd5 c6 21. Rc5 Nb6 22. Rxe5+ Kf8 23. Qe3 Nd7 24. Qa3+ Kg8 25. Re7 Nb6 26. Rxb7 1-0

[Event "Olympiad Women-42"]
[Site "Baku"]
[Date "2016.09.08"]
[Round "6.2"]
[White "Zuriel, Marisa"]
[Black "Gjergji, Rozana"]
[Result "1/2-1/2"]
[WhiteElo "2272"]
[BlackElo "1947"]
[PlyCount "106"]
[EventDate "2016.09.02"]
[EventType "team-swiss"]
[EventRounds "11"]
[EventCountry "AZE"]
[SourceTitle "CBM 174 Extra"]
[Source "ChessBase"]
[SourceDate "2016.10.10"]
[SourceVersion "1"]
[SourceVersionDate "2016.10.10"]
[SourceQuality "1"]
[WhiteTeam "Argentina (W)"]
[BlackTeam "Albania (W)"]
[WhiteTeamCountry "ARG"]
[BlackTeamCountry "ALB"]

1. e4 d5 2. exd5 Qxd5 3. Nc3 Qa5 4. d4 c6 5. Bc4 Nf6 6. Nf3 Bf5 7. Bd2 e6 8. Ne4 Qd8 9. Ng3 Bg6 10. Bb3 Bd6 11. Qe2 Nbd7 12. Ne5 Nd5 13. h4 Bxe5 14. dxe5 h6 15. h5 Bh7 16. c4 Ne7 17. Bb4 Qb6 18. Bc3 Nc5 19. Bc2 Bxc2 20. Qxc2 0-0-0 21. 0-0 g6 22. Rad1 Nf5 23. Nxf5 gxf5 24. Bd4 Qa5 25. a3 Ne4 26. Rd3 Qc7 27. Rfd1 c5 28. Bc3 Rxd3 29. Qxd3 Nxc3 30. Qxc3 Rd8 31. Rd6 Rxd6 32. exd6 Qxd6 33. Qh8+ Kd7 34. Qxh6 Qd1+ 35. Kh2 Qe2 36. Qh7 Ke7 37. Qh6 Qxb2 38. Qf4 Qd4 39. Qg5+ Qf6 40. Qf4 e5 41. Qe3 b6 42. Kg1 f4 43. Qe4 Qg5 44. h6 Qxh6 45. Qxe5+ Kf8 46. a4 a5 47. f3 Qc6 48. Qh8+ Ke7 49. Qe5+ Kf8 50. Qh8+ Ke7 51. Qe5+ Kf8 52. Qh8+ Ke7 53. Qe5+ Kf8 1/2-1/2

[Event "Sharjah op (Women)"]
[Site "Sharjah"]
[Date "2014.11.16"]
[Round "3"]
[White "Boshra, Alshaeby"]
[Black "Gjergji, Rozana"]
[Result "0-1"]
[WhiteElo "1924"]
[BlackElo "1946"]
[PlyCount "66"]
[EventDate "2014.11.15"]
[EventType "swiss"]
[EventRounds "9"]
[EventCountry "UAE"]
[SourceTitle "CBM 163 Extra"]
[Source "ChessBase"]
[SourceDate "2014.12.23"]
[SourceVersion "1"]
[SourceVersionDate "2014.12.23"]
[SourceQuality "1"]

1. d4 f5 2. Bg5 d6 3. e3 Nd7 4. Bc4 Ngf6 5. Nd2 d5 6. Bd3 e6 7. h4 Be7 8. Nh3 Ne4 9. Bxe4 dxe4 10. Nf4 Nf6 11. Bxf6 Bxf6 12. Qh5+ g6 13. Qh6 Qe7 14. 0-0-0 Bd7 15. Nb3 0-0-0 16. d5 e5 17. Ne2 Bb5 18. Nc3 Bc4 19. g4 fxg4 20. Na5 Ba6 21. Rhg1 Bxh4 22. Rxg4 g5 23. Rxe4 Bxf2 24. Qh3+ Kb8 25. Qh2 Rhf8 26. a3 Rf3 27. Rxe5 Qd6 28. Ne4 Bxe3+ 29. Kb1 Bf4 30. Qg2 Qxe5 31. Qxf3 Rxd5 32. Rxd5 Qxd5 33. Qh5 Qxe4 0-1

[Event "Sharjah op (Women)"]
[Site "Sharjah"]
[Date "2014.11.15"]
[Round "1"]
[White "Saduakassova, Dinara"]
[Black "Gjergji, Rozana"]
[Result "1-0"]
[WhiteElo "2421"]
[BlackElo "1946"]
[PlyCount "57"]
[EventDate "2014.11.15"]
[EventType "swiss"]
[EventRounds "9"]
[EventCountry "UAE"]
[SourceTitle "CBM 163 Extra"]
[Source "ChessBase"]
[SourceDate "2014.12.23"]
[SourceVersion "1"]
[SourceVersionDate "2014.12.23"]
[SourceQuality "1"]

1. d4 Nf6 2. c4 e6 3. Nc3 Bb4 4. Qc2 d5 5. cxd5 Qxd5 6. Nf3 Qf5 7. Qb3 Nc6 8. e3 0-0 9. Be2 b6 10. 0-0 Bb7 11. Rd1 Bxc3 12. Qxc3 Rac8 13. Bd3 Ne4 14. Qe1 Qd5 15. b3 Na5 16. Ba3 Rfd8 17. Qf1 Ng5 18. Ne1 Nh3+ 19. Kh1 Qh5 20. f3 Ng5 21. b4 Nc6 22. f4 Nxd4 23. fxg5 Nf5 24. Qf4 Nh4 25. e4 e5 26. Qe3 f5 27. gxf6 gxf6 28. b5 Kh8 29. Be7 1-0

[Event "Mediterranean Cup 9th"]
[Site "Chania"]
[Date "2014.09.04"]
[Round "3"]
[White "Gjergji, Rozana"]
[Black "Ashiku, Franc"]
[Result "0-1"]
[WhiteElo "1962"]
[BlackElo "2292"]
[PlyCount "46"]
[EventDate "2014.09.03"]
[EventType "swiss"]
[EventRounds "9"]
[EventCountry "GRE"]
[SourceTitle "CBM 162 Extra"]
[Source "ChessBase"]
[SourceDate "2014.10.17"]
[SourceVersion "1"]
[SourceVersionDate "2014.10.17"]
[SourceQuality "1"]

1. e4 e6 2. d4 d5 3. exd5 exd5 4. Bd3 Nc6 5. c3 Bd6 6. h3 Nge7 7. Nf3 h6 8. 0-0 Be6 9. Re1 Qd7 10. Ne5 Nxe5 11. dxe5 Bc5 12. Be3 Bxe3 13. Rxe3 Bf5 14. Na3 0-0 15. Qh5 Rae8 16. Rd1 Bxd3 17. Rexd3 c6 18. f4 f6 19. exf6 Rxf6 20. g3 Ng6 21. c4 Qf7 22. cxd5 Rf5 23. Qf3 Ne5 0-1

[Event "Olympiad Women-41"]
[Site "Tromsoe"]
[Date "2014.08.10"]
[Round "8.1"]
[White "Gjergji, Rozana"]
[Black "Madrigal, Ana Daniela"]
[Result "1/2-1/2"]
[WhiteElo "1981"]
[BlackElo "1986"]
[PlyCount "76"]
[EventDate "2014.08.02"]
[EventType "team-swiss"]
[EventRounds "11"]
[EventCountry "NOR"]
[SourceTitle "CBM 162"]
[Source "ChessBase"]
[SourceDate "2014.09.17"]
[SourceVersion "1"]
[SourceVersionDate "2014.09.17"]
[SourceQuality "1"]
[WhiteTeam "Albania (W)"]
[BlackTeam "Nicaragua (W)"]
[WhiteTeamCountry "ALB"]
[BlackTeamCountry "NCA"]

1. e4 e5 2. Nf3 Nc6 3. Nc3 Nf6 4. Bb5 d6 5. d4 exd4 6. Nxd4 Bd7 7. Nxc6 bxc6 8. Bc4 Be7 9. 0-0 0-0 10. f3 Be6 11. Bd3 Rb8 12. b3 Nd7 13. Bb2 Nc5 14. Ne2 Nxd3 15. Qxd3 Re8 16. f4 Bd7 17. f5 Bf6 18. Bxf6 Qxf6 19. Nf4 Re5 20. c4 Rbe8 21. Nh5 Qg5 22. Ng3 h5 23. h4 Qxh4 24. Qe3 d5 25. Rad1 Qg4 26. Qf3 Qxf3 27. gxf3 h4 28. Nh5 Bc8 29. Rf2 dxe4 30. fxe4 Kh8 31. Rg2 Rxe4 32. Nxg7 Re1+ 33. Rxe1 Rxe1+ 34. Kh2 Rf1 35. Rg4 Bxf5 36. Nxf5 Rxf5 37. Rxh4+ Kg7 38. Kg3 c5 1/2-1/2

[Event "Olympiad Women-41"]
[Site "Tromsoe"]
[Date "2014.08.04"]
[Round "3.1"]
[White "Narva, Mai"]
[Black "Gjergji, Rozana"]
[Result "1-0"]
[WhiteElo "2205"]
[BlackElo "1981"]
[PlyCount "57"]
[EventDate "2014.08.02"]
[EventType "team-swiss"]
[EventRounds "11"]
[EventCountry "NOR"]
[SourceTitle "CBM 162"]
[Source "ChessBase"]
[SourceDate "2014.09.17"]
[SourceVersion "1"]
[SourceVersionDate "2014.09.17"]
[SourceQuality "1"]
[WhiteTeam "Estonia (W)"]
[BlackTeam "Albania (W)"]
[WhiteTeamCountry "EST"]
[BlackTeamCountry "ALB"]

1. e4 e5 2. Nf3 Nc6 3. Bb5 a6 4. Ba4 d6 5. 0-0 Bd7 6. c3 Nf6 7. Re1 Be7 8. d4 0-0 9. h3 Re8 10. Bg5 exd4 11. Bxf6 Bxf6 12. cxd4 b5 13. Bc2 Nb4 14. Nc3 Nxc2 15. Qxc2 c6 16. e5 dxe5 17. dxe5 Be7 18. Ne4 Qb6 19. Neg5 g6 20. e6 fxe6 21. Nxh7 Kxh7 22. Ne5 Rg8 23. Nxd7 Qc7 24. Ne5 c5 25. Ng4 Qc6 26. Re5 Rg7 27. Rae1 Ra7 28. Rxe6 Qd5 29. Rxe7 1-0

[Event "Kukes op"]
[Site "Kukes"]
[Date "2014.06.13"]
[Round "8"]
[White "Gjergji, Rozana"]
[Black "Prokshaj, Imer"]
[Result "1-0"]
[WhiteElo "1943"]
[BlackElo "1993"]
[PlyCount "65"]
[EventDate "2014.06.07"]
[EventType "swiss"]
[EventRounds "9"]
[EventCountry "ALB"]
[SourceTitle "EXT 2016"]
[Source "ChessBase"]
[SourceDate "2015.10.08"]
[SourceVersion "1"]
[SourceVersionDate "2015.10.08"]
[SourceQuality "1"]

1. e4 e6 2. d4 d5 3. exd5 exd5 4. c3 Bf5 5. Nf3 Nd7 6. Bf4 c6 7. Be2 Ngf6 8. Nbd2 Be7 9. Nf1 0-0 10. Ng3 Bg6 11. Nh4 Re8 12. Nxg6 hxg6 13. Qd2 Qa5 14. h4 Bf8 15. h5 gxh5 16. Nxh5 Nxh5 17. Rxh5 Nf6 18. Rh3 Ne4 19. Qc2 g6 20. f3 Nf6 21. Kf2 Bg7 22. Rah1 Nh5 23. Bg5 Qc7 24. Qd2 f5 25. Bd3 Qf7 26. Bxf5 Nf6 27. Bxf6 Qxf6 28. Bd3 Re6 29. Rg3 Qf7 30. Qg5 Rae8 31. Bxg6 Rxg6 32. Qxg6 Qe7 33. Rgh3 1-0